Developing active learning in the primary classroom

Saved in:
Bibliographic Details
Main Author: VICKERY, Anitra
Format: Book
Language:English
Published: Sage 2014
Tags: Add Tag
No Tags, Be the first to tag this record!

MARC

LEADER 00000nam a22000007a 4500
008 210121b ||||| |||| 00| 0 eng d
020 |a 978-1-4462-5547-6 
100 |a VICKERY, Anitra. 
245 |a Developing active learning in the primary classroom  |c Anitra Vickery  |g xiv, 225p.; ill. 
260 |b Sage  |c 2014  |h  Los Angeles:   |i 692384  |l LB1027.23 .V66  |m Active learning.   |m Learning.  |m Education, Elementary. 
500 |a “It includes references and index” 
942 |a lcc  |c BK  |e Adeniran, F. A  |f 21/01/2021 
952 |0 0  |1 0  |2 lcc  |4 0  |6 LB102723 V66  |7 0  |9 1414  |a HOL  |b HOL  |c LP  |d 2021-01-21  |l 0  |o LB1027.23 .V66  |p 2021-0215  |r 2021-01-21 00:00:00  |w 2021-01-21  |y BK 
952 |0 0  |1 0  |2 lcc  |4 0  |6 LB102723 V66  |7 0  |9 1415  |a HOL  |b ED  |c LP  |d 2021-01-21  |l 0  |o LB1027.23 .V66  |p 2021-0216  |r 2021-01-21 00:00:00  |w 2021-01-21  |y BK 
999 |c 738  |d 738